| 000 | 00453nam a2200181Ia 4500 | ||
|---|---|---|---|
| 001 | 4830 | ||
| 005 | 20260306145823.0 | ||
| 008 | 260306t2000||||xx |||||||||||||| ||spa|| | ||
| 041 | _aESP | ||
| 082 |
_a330.9 _bP22 |
||
| 100 |
_aPampillón Olmedo, Rafael _eAUT |
||
| 245 | 0 |
_aAnálisis económico de países: _bteoría y casos de política económica |
|
| 260 | _c2000 | ||
| 300 |
_a _c |
||
| 650 | _aGEN | ||
| 654 | _aCAN | ||
| 942 |
_cLIB _dJUS _fJUS _2ddc _n |
||
| 999 |
_c4830 _d4830 |
||